[Event "European Individual Chess Championship 2017"]
[Site "?"]
[Date "2017.05.31"]
[Round "2.96"]
[White "Salgado Lopez, Ivan"]
[Black "Erenberg, Ariel"]
[Result "1/2-1/2"]
[BlackElo "2370"]
[WhiteElo "2627"]
[LiveChessVersion "1.4.8"]

1. e4 e5 2. Nf3 Nc6 3. d4 exd4 4. Nxd4 Bc5 5. Nb3 Bb6 6. Nc3 Nf6 7. Bg5 h6 8. Bh4
O-O 9. Qe2 Nd4 10. Qd3 Nxb3 11. axb3 d6 12. O-O-O Re8 13. Be2 c6 14. Qg3 Qe7 15.
Rhe1 g5 16. f4 Nxe4 17. Nxe4 Qxe4 18. fxg5 Qe3+ 19. Kb1 Qxg3 20. Bxg3 hxg5 21.
Bc4 Bf5 22. Rf1 Be6 23. Rxd6 Rad8 24. Bxe6 fxe6 25. c3 Bc7 26. Rxd8 Bxd8 27. Kc2
Be7 28. Kd3 Rd8+ 29. Ke4 a6 30. b4 Rd2 31. Rf2 Rd1 32. Re2 Kf7 33. Kf3 Bd6 34.
Bxd6 Rxd6 35. Kg4 Kf6 36. Kh5 Rd5 37. g4 c5 38. bxc5 Rxc5 39. Kh6 Rc4 40. h4 Rxg4
41. Rf2+ Ke7 42. hxg5 e5 43. g6 e4 44. Rf7+ Ke8 45. Rf5 Ke7 46. Rf7+ Ke8 47. Kh5
Rg2 48. Rxb7 e3 49. Rb4 Ke7 50. Re4+ Kf6 51. Rxe3 Rh2+ 52. Kg4 Rxb2 53. Kf4 Kxg6
54. Ke5 Kf7 55. Kd4 Rb8 56. c4 Re8 57. Ra3 Ke7 58. Rxa6 Kd7 59. Kd5 Re1 60. Ra7+
Kc8 61. Kd6 Rh1 62. Rc7+ Kb8 63. Re7 Rh6+ 64. Kd7 Rh5 65. Re6 Kb7 66. Kd6 Kb6 67.
Rg6 Rc5 68. Rg4 Rh5 69. Rg1 Rh6+ 70. Kd5 Rh5+ 71. Kd4 Rh4+ 72. Kc3 Kc5 73. Rg5+
Kc6 74. Kb4 Rh6 75. Ra5 Rh1 76. Ra6+ Kb7 77. Rg6 Rh5 78. Rf6 Kc7 79. c5 Rh1 80.
Rf7+ Kc6 81. Rf6+ Kc7 82. Rb6 Rb1+ 83. Ka5 Ra1+ 84. Kb5 Rb1+ 85. Ka5 Ra1+ 86. Kb5
Rb1+ 87. Ka5 1/2-1/2

[Event "European Individual Chess Championship 2017"]
[Site "?"]
[Date "2017.05.31"]
[Round "2.97"]
[White "Lavrov, Maxim"]
[Black "Kobalia, Mikhail"]
[Result "1-0"]
[BlackElo "2624"]
[WhiteElo "2369"]
[LiveChessVersion "1.4.8"]

1. e4 {[%clk 1:30:56]} c5 {[%clk 1:30:54]} 2. c3 {[%clk 1:31:14]} Nf6
{[%clk 1:31:01]} 3. e5 {[%clk 1:31:33]} Nd5 {[%clk 1:31:23]} 4. Nf3
{[%clk 1:30:47]} e6 {[%clk 1:31:27]} 5. Bc4 {[%clk 1:30:18]} Nb6 {[%clk 1:28:13]}
6. Bb3 {[%clk 1:30:02]} d6 {[%clk 1:27:14]} 7. exd6 {[%clk 1:21:36]} Bxd6
{[%clk 1:22:12]} 8. d4 {[%clk 1:21:43]} O-O {[%clk 1:22:17]} 9. O-O
{[%clk 1:21:50]} Bd7 {[%clk 1:04:43]} 10. Bc2 {[%clk 1:15:02]} f5
{[%clk 0:44:18]} 11. Re1 {[%clk 1:04:21]} c4 {[%clk 0:38:31]} 12. b3
{[%clk 0:57:38]} Qc7 {[%clk 0:34:47]} 13. Ba3 {[%clk 0:44:39]} Nc6
{[%clk 0:33:30]} 14. Bxd6 {[%clk 0:42:51]} Qxd6 {[%clk 0:33:58]} 15. Nbd2
{[%clk 0:43:06]} cxb3 {[%clk 0:32:22]} 16. axb3 {[%clk 0:42:56]} Nd5
{[%clk 0:30:03]} 17. Nc4 {[%clk 0:41:51]} Qc7 {[%clk 0:29:03]} 18. Qd2
{[%clk 0:40:50]} Rad8 {[%clk 0:29:06]} 19. Bd3 {[%clk 0:33:13]} Bc8
{[%clk 0:25:31]} 20. b4 {[%clk 0:27:57]} a6 {[%clk 0:22:58]} 21. Rac1
{[%clk 0:24:28]} b5 {[%clk 0:14:15]} 22. Nce5 {[%clk 0:21:08]} Nxe5
{[%clk 0:14:37]} 23. Rxe5 {[%clk 0:20:03]} Rd6 {[%clk 0:14:06]} 24. c4
{[%clk 0:15:27]} bxc4 {[%clk 0:14:32]} 25. Bxc4 {[%clk 0:15:08]} Qb7
{[%clk 0:13:28]} 26. Bxd5 {[%clk 0:14:24]} Rxd5 {[%clk 0:13:52]} 27. Rxd5
{[%clk 0:14:41]} Qxd5 {[%clk 0:14:10]} 28. Rc7 {[%clk 0:14:15]} h6
{[%clk 0:08:01]} 29. h4 {[%clk 0:10:26]} Bb7 {[%clk 0:07:33]} 30. Qf4
{[%clk 0:08:18]} Rf7 {[%clk 0:07:13]} 31. Rc5 {[%clk 0:06:18]} Qe4
{[%clk 0:07:41]} 32. Qxe4 {[%clk 0:05:11]} Bxe4 {[%clk 0:07:43]} 33. Ne5
{[%clk 0:05:29]} Rf8 {[%clk 0:05:23]} 34. f3 {[%clk 0:05:12]} Bd5
{[%clk 0:05:28]} 35. Rc7 {[%clk 0:05:21]} h5 {[%clk 0:02:24]} 36. Kf2
{[%clk 0:04:46]} Rb8 {[%clk 0:02:04]} 37. Nd3 {[%clk 0:04:42]} Kh7
{[%clk 0:01:56]} 38. Ke3 {[%clk 0:04:16]} Kh6 {[%clk 0:02:23]} 39. Kf4
{[%clk 0:03:34]} Rd8 {[%clk 0:01:17]} 40. Ke5 {[%clk 0:30:53]} Rb8
{[%clk 0:30:32]} 41. Nf4 {[%clk 0:25:12]} Ba2 {[%clk 0:28:01]} 42. Nxe6
{[%clk 0:22:56]} Rb5+ {[%clk 0:28:26]} 43. Nc5 {[%clk 0:22:11]} Rxb4
{[%clk 0:28:48]} 44. Rc6+ {[%clk 0:22:29]} g6 {[%clk 0:26:29]} 45. Rxa6
{[%clk 0:22:26]} Rb2 {[%clk 0:26:54]} 46. g3 {[%clk 0:14:52]} Re2+
{[%clk 0:25:36]} 47. Kf4 {[%clk 0:14:13]} Bc4 {[%clk 0:25:20]} 48. Rd6
{[%clk 0:14:14]} Bb5 {[%clk 0:22:21]} 49. d5 {[%clk 0:13:35]} Bc4
{[%clk 0:20:43]} 50. Nd7 {[%clk 0:11:47]} Rd2 {[%clk 0:20:47]} 51. Ne5
{[%clk 0:11:32]} Bxd5 {[%clk 0:20:43]} 52. Nxg6 {[%clk 0:11:36]} 1-0

[Event "European Individual Chess Championship 2017"]
[Site "?"]
[Date "2017.05.31"]
[Round "2.98"]
[White "Maze, Sebastien"]
[Black "Birnboim, Nathan"]
[Result "1/2-1/2"]
[BlackElo "2358"]
[WhiteElo "2619"]
[LiveChessVersion "1.4.8"]

1. d4 Nf6 2. Bf4 b5 3. e3 Bb7 4. Nf3 a6 5. a4 b4 6. h3 e6 7. Nbd2 Be7 8. Bd3 d5
9. c4 c5 10. cxd5 Nxd5 11. Bh2 cxd4 12. e4 Nf6 13. Qe2 Nfd7 14. Nb3 Nc6 15. e5
Na5 16. Nbxd4 Nc5 17. Bc2 b3 18. Bb1 Bd5 19. Qe3 Bc4 20. Bf4 Qb6 21. Ne2 Qb4+ 22.
Qc3 Qxc3+ 23. Nxc3 Nd3+ 24. Bxd3 Bxd3 25. O-O-O O-O-O 26. Ng5 Bc2 27. Rxd8+ Rxd8
28. g3 Rd3 29. Nge4 Nc4 30. Re1 Bb4 31. Re2 h6 32. h4 Bxc3 33. Nxc3 Rxc3 34. bxc3
Bd3 35. Rb2 Nxb2 1/2-1/2

[Event "European Individual Chess Championship 2017"]
[Site "?"]
[Date "2017.05.31"]
[Round "2.99"]
[White "Zarubitski, Viachaslau"]
[Black "Parligras, Mircea-Emilian"]
[Result "1/2-1/2"]
[BlackElo "2607"]
[WhiteElo "2325"]
[LiveChessVersion "1.4.8"]

1. e4 c6 2. Nf3 d5 3. Nc3 Bg4 4. h3 Bxf3 5. Qxf3 Nf6 6. Be2 e6 7. O-O dxe4 8.
Nxe4 Be7 9. c3 Nbd7 10. d4 O-O 11. Bf4 Nxe4 12. Qxe4 Nf6 13. Qc2 Nd5 14. Bh2 Bd6
15. Bxd6 Qxd6 16. Bf3 Rfd8 17. Rfe1 Rd7 18. Re5 Rad8 19. Rae1 Nf6 20. Qa4 a6 21.
Qa5 Qb8 22. g3 Rd6 23. Kg2 Qc8 24. R5e2 Nd7 25. Qg5 b6 26. Qf4 Nf6 27. Re5 Nd5
28. Bxd5 Rxd5 29. Rxd5 cxd5 30. Re3 b5 31. h4 a5 32. a3 Qb8 33. Qg4 Qd6 34. h5 h6
35. f4 Qd7 36. Re5 b4 37. axb4 axb4 38. f5 exf5 39. Qxf5 Qxf5 40. Rxf5 bxc3 41.
bxc3 Kf8 42. Re5 Rc8 43. Kf3 Rxc3+ 44. Kf4 g5+ 45. hxg6 fxg6 46. Rxd5 Ke7 1/2-1/2

[Event "European Individual Chess Championship 2017"]
[Site "?"]
[Date "2017.05.31"]
[Round "2.100"]
[White "Demianjuk, Alexander"]
[Black "Rozum, Ivan"]
[Result "0-1"]
[BlackElo "2606"]
[WhiteElo "2328"]
[LiveChessVersion "1.4.8"]

1. d4 {[%clk 1:30:57]} Nf6 {[%clk 1:30:51]} 2. c4 {[%clk 1:31:20]} e6
{[%clk 1:31:17]} 3. Nc3 {[%clk 1:31:44]} Bb4 {[%clk 1:31:42]} 4. Qc2
{[%clk 1:32:08]} O-O {[%clk 1:31:29]} 5. a3 {[%clk 1:32:32]} Bxc3+
{[%clk 1:31:53]} 6. Qxc3 {[%clk 1:32:57]} d6 {[%clk 1:32:06]} 7. g3
{[%clk 1:23:23]} e5 {[%clk 1:30:13]} 8. dxe5 {[%clk 1:03:13]} dxe5
{[%clk 1:29:54]} 9. Bg2 {[%clk 1:03:32]} Qe7 {[%clk 1:30:02]} 10. b4
{[%clk 1:00:08]} Nc6 {[%clk 1:27:09]} 11. Bb2 {[%clk 0:56:18]} Nd4
{[%clk 1:17:53]} 12. Kf1 {[%clk 0:28:42]} Bf5 {[%clk 1:12:33]} 13. Bxb7
{[%clk 0:25:19]} Rad8 {[%clk 1:11:05]} 14. Bg2 {[%clk 0:20:49]} Ne4
{[%clk 1:08:09]} 15. Bxe4 {[%clk 0:20:31]} Bxe4 {[%clk 1:08:37]} 16. f3
{[%clk 0:20:04]} Bb7 {[%clk 1:08:24]} 17. h4 {[%clk 0:14:47]} e4 {[%clk 1:01:14]}
18. Qe3 {[%clk 0:05:58]} Nf5 {[%clk 0:56:45]} 19. Qf4 {[%clk 0:06:26]} Qe6
{[%clk 0:45:38]} 20. Qe5 {[%clk 0:03:00]} Qg6 {[%clk 0:32:23]} 21. h5
{[%clk 0:01:27]} Qg5 {[%clk 0:24:33]} 22. g4 {[%clk 0:00:51]} exf3
{[%clk 0:23:40]} 23. Qxf5 {[%clk 0:00:39]} fxe2+ {[%clk 0:23:34]} 24. Nxe2
{[%clk 0:01:04]} Qxf5+ {[%clk 0:23:53]} 25. gxf5 {[%clk 0:01:33]} Bxh1
{[%clk 0:24:18]} 26. Kf2 {[%clk 0:01:53]} Be4 {[%clk 0:21:49]} 27. f6
{[%clk 0:02:16]} Rd2 {[%clk 0:21:34]} 28. fxg7 {[%clk 0:01:12]} Re8
{[%clk 0:21:35]} 29. Bc1 {[%clk 0:00:37]} Rc2 {[%clk 0:21:39]} 30. Be3
{[%clk 0:00:46]} Bd3 {[%clk 0:21:53]} 31. Re1 {[%clk 0:01:12]} f5
{[%clk 0:22:00]} 0-1